000 02275cam a2200433 a 4500
001 121378
005 20230410130558.0
008 110808s2012 njua b s001 0 eng
035 _a16909238
010 _a 2011033051
016 7 _a016044488
_2Uk
020 _a9780813552811 (hardcover : alk. paper)
020 _a0813552818 (hardcover : alk. paper)
020 _a9780813552828 (pbk. : alk. paper)
020 _a0813552826 (pbk. : alk. paper)
020 _a9780813553238 (ebook)
020 _a0813553237 (ebook)
035 _a(OCoLC)ocn746489226
040 _aDLC
_beng
_cDLC
_dYDX
_dBTCTA
_dERASA
_dBDX
_dUKMGB
_dYDXCP
_dBWX
_dCOO
_dTTS
_dDLC
042 _apcc
043 _an-us---
050 1 4 _aPN 1993.5
_bA512 2012
082 0 0 _a791.4309730905
245 0 0 _aAmerican cinema of the 2000s :
_bthemes and variations /
_cedited by Timothy Corrigan.
260 _aNew Brunswick, N.J. :
_bRutgers University Press,
_cc2012.
300 _axii, 270 p. :
_bill. ;
_c24 cm.
490 1 _aScreen decades : American culture/American cinema
504 _aIncludes bibliographical references and index.
505 0 0 _gIntroduction:
_tMovies and the 2000s /
_rTimothy Corrigan --
_t2000 Movies, anti-climaxes, and disenchantments /
_rNora Alter --
_t2001 Movies, smart films, and dumb stories /
_rLinda Ruth Williams --
_t2002 movies and melancholy /
_rSharon Willis --
_t2003 movies, "shock and awe", and the troubled blockbuster /
_rBob Rehak --
_t2004 movies and spectacle in a political year /
_rAnna Everett --
_t2005 movies, terror, and the American family /
_rKaren Beckman --
_t2006 movies and crisis /
_rNigel Morris --
_t2007 movies and the art of living dangerously /
_rDina Smith --
_t2008 movies and a Hollywood too big to fail /
_rThomas Schatz --
_t2009 movies, a nation, and new identities /
_rDana Polan --
_gSelect Academy Awards, 2000-2009.
650 0 _aMotion pictures
_zUnited States
_xHistory
_y21st century.
650 0 _aMotion pictures
_zUnited States
_xPlots, themes, etc.
650 4 _aImágenes en movimiento
_zEstados Unidos
_xHistoria
_ySiglo 21.
650 4 _aImágenes en movimiento
_zEstados Unidos
_xParcelas, temas, etc.
650 4 _a20151100.
700 1 _aCorrigan, Timothy,
_d1951-
830 0 _aScreen decades.
942 _2lcc
_cbk
946 _aYSL
999 _c76524
_d76524